000 00333 a2200157 4500
001 59831
020 _a3907055292
040 _cAnchieta - Pituba
100 _aPfarr, Bernd
240 1 0 _aAlex der rabe
_lpor
245 1 0 _aAlex der rabe
300 _a40
362 0 _a1999
650 4 _aLiteratura juvenil em alemão
942 _cBK
999 _c59831
_d59831